000 01153cam a22002651i 4500
003 SA-RiAUC
005 20260220132159.0
008 260112s1939 ua g 000 0 ara c
040 _aSA-MaUQU
_bara
_cSA-RiAUC
_erda
082 0 4 _a414.3
_qSA-RiAUC
090 _aم ن 414.3
_bش ن ق
100 1 _aالشنقيطي، محمد بن عبد الله بن أحمد،
_d1295-1363 هجري
_eمؤلف.
245 1 0 _aفاكهة الخوان في نظم أعلى درر علم البيان /
_cمحمد حبيب الله بن مايابي الجكني.
250 _aالطبعة الأولى.
264 1 _aمصر :
_b[الناشر غير محدد]،
_c[1939]
264 3 _aالقاهرة :
_bمطبعة القدسي :
_bمطبعة السعادة
300 _a40 صفحه ؛
_c24 سم
336 _aنص
_btxt
_2rdacontent
_3كتاب
337 _aبدون وسيط
_bn
_2rdamedia
338 _aمجلد
_bnc
_2rdacarrier
650 7 _aالبلاغة العربية
_2aucsh
856 _uhttps://Dsdelta.aruc.org/xmlui/bitstream/handle/123456789/1549/6067.pdf
_yDigital Copy
942 _2ddc
_cRBOOK COPY
_n0
949 _aSA-JeALM
_d260112
_umohamedma123
_n1
999 _c14170
_d14170